00967cam a22002655a 45000010009000000050017000090080041000260200015000670200018000820400038001000820022001381000035001602450079001952600043002743000036003175000024003535040031003776500060004086510010004686530022004787000022005009420008005229990017005309520154005471283675320160329113235.0020628t2003 njua frb 001 0 eng d a0471321710 a9780471321712 aDLCcDLCdDLCdDLCdEG-ScBUEbeng04a621.4025222bSHA1 aKhan, Shah Rukh,935170d1965-10aFundamentals of heat exchanger design /cRamesh K. Shah, Dusan P. Sekulic. aHoboken :bJohn Wiley & Sons,cc.2003. axxxii, 941 p. :bill. ;c24 cm. aIndex : p. 931-941. aBibliography : p. 926-930. 72BUEsh937996aHeat exchangersxDesign and construction. 2BUEsh bENGMECcMarch20161 aSekulic, Dusan P. 2ddc c21539d21511 00102ddc40708BaccahaMAINbMAINc1STd2016-03-29ePurchaseg1190.00l4m17o621.4025 SHAp000032211r2025-07-15 00:00:00s2023-02-07v1488.00yBB